Airlines at PHX (Phoenix) - Statistics

General Stats
  • This quiz has been taken 28 times
  • The average score is 16 of 21
Answer Stats
Hint Answer % Correct
SEA Alaska
100%
DFW(hub) American
100%
SBA American Eagle
100%
SLC Delta
100%
SLC Delta Connection
100%
LHR British
95%
SFO United
95%
YVR Air Canada
90%
DEN/LAS Frontier
90%
HNL Hawaiian
90%
LAS Southwest
90%
LAX jetblue
85%
LAS Spirit
85%
YVR westjet
80%
LAS Allegiant
55%
FRA Condor
55%
LAX suncountry
55%
GDL Volaris
55%
BUR JSX
35%
PVR Breeze
25%
OAK Contour
10%
No matching quizzes found
Score Distribution
Percent of People with Each Score
Percentile by Number Answered
Your Score History
You have not taken this quiz